000 00714nam a22002177a 4500
003 UA-OsUOA
001 79827
007 ta
008 20111121b un ||||| |||| 00| 0 ukr d
100 _aМафтин Н.
090 _a82
_bМ35
942 _cSA
040 _aUA-OsUOA
_bukr
_cUA-OsUOA
_dUA-OsUOA
245 _aПоетика експресіонізму в романі Осипа Турянського "Поза межами болю" та повісті Леоніда Андрєєва "Червоний сміх"
300 _aС.24-32
955 _a0
041 _aukr
080 _a82
773 0 _w79821
650 7 _a82 Література. Літературознавство
_2UDC
999 _c366179
_d366179